000 00446nam a2200181Ia 4500
001 13017
005 20260306163023.0
008 260306t2002||||xx |||||||||||||| ||spa||
041 _aESP
082 _aRD 657.03
_bC95
100 _aMartín Ámez, Fernando (Coord.)
_eAUT
245 0 _aDiccionario de contabilidad y finanzas
260 _c2002
300 _a392 páginas :
_c
650 _aGEN
654 _aCCO
942 _cDIC
_dJUS
_fJUS
_2ddc
_n
999 _c13017
_d13017